| 000 | 00469 a2200181 4500 | ||
|---|---|---|---|
| 005 | 20240515141445.0 | ||
| 010 | _aB-759047 | ||
| 020 | _c0.00 | ||
| 035 | _aB-759047 | ||
| 037 | _bGift/Unesco | ||
| 082 | _a363.3480954 | ||
| 245 | _aThe First Response/ | ||
| 260 |
_aNew Delhi _bUnicef |
||
| 270 | _bNew Delhi | ||
| 300 |
_avi, 270 p. _c21cm (Hb) |
||
| 942 |
_adpl _cEN _2ddc _h363.3480954 _mTHE |
||
| 999 |
_c202871 _d202871 |
||